| 000 | 01774cam a22004574i 4500 | ||
|---|---|---|---|
| 003 | PE-LiUPU | ||
| 005 | 20250731173521.0 | ||
| 008 | 150616s r 000 0 d | ||
| 035 | _a(Sirsi) a8315 | ||
| 040 |
_aPE-LiUPU _bspa _cPE-LiUPU _erda |
||
| 049 | _aPRUA | ||
| 082 | 0 | 4 |
_a264 _bJ47 _221 |
| 100 | 1 |
_aJewett, Paul King, _eautor. |
|
| 245 | 1 | 4 | _aThe Lord's Day. |
| 264 | 1 |
_aMichigan : _bWilliam B. Eerdmans Publishing Company, _c1971. |
|
| 300 |
_a174 páginas ; _c21 cm. |
||
| 336 |
_atext _2rdacontent |
||
| 337 |
_aunmediated _2rdamedia |
||
| 338 |
_avolume _2rdacarrier |
||
| 504 | _aBibliografía: páginas 170-171. | ||
| 505 | 0 | _aThe Jewish Sabbath.- Sabbath Observance Among Early Christians.- The Lord's Day.- From the Seventh to the First Day.- The First Day and the Resurrection.- Development in the Resurrection.- A Theology of the Lord's Day.- The Observance of the Lord's Day.- The Civil Sunday.-Sunday Closing Laws.- The Rest of the Lord's Day.- How Ougth Christians to Observe the Lord's Day. | |
| 526 | _aSEG42 | ||
| 526 | _aSEG41 | ||
| 526 | _aSEG40 | ||
| 526 | _aSEG39 | ||
| 526 | _aP94 | ||
| 526 | _aP87 | ||
| 526 | _aP86 | ||
| 526 | _aP85 | ||
| 526 | _aP77 | ||
| 526 | _aP76 | ||
| 526 | _aP35 | ||
| 650 | 0 | 4 | _aDOMINGO - DIA DE ADORACION. |
| 910 |
_ajck _bjvq _cjck |
||
| 942 |
_2ddc _cBOOK |
||
| 949 |
_a264 J47 _wDEWEY _c1 _i41892 _lCCODEBUL1 _mBUL _p00.00 _r0 _sY _tBOOK _u19961028 _xTEOLOGIA _zUNKNOWN _0COMPRA _o.STAFF. Colección General |
||
| 994 |
_aC0 _bPEPRU |
||
| 596 | _a1 | ||
| 999 |
_a264 J47 _wDEWEY _c59654 _i41892 _f2021-11-10 _g5 _lCCODEBUL1 _mBUL _r0 _sY _tBOOK _u2015-6-16 _xTEOLOGIA _zUNKNOWN _0COMPRA _o.STAFF. Colección General _d59654 |
||
| 980 |
_81 _gALBERTO SANCHEZ Responsable de Automatización |
||